00649 2200229 4500001002100000005001700021008004100038020002200079035002400101040001200125082001000137090002000147100002300167245009500190250001100285260003000296300002000326650002900346700001000375850001200385990002200397YOGYA-0912000000004320120924114337.0 ind  a978-602-7641-05-1 0010-091200000000043 aYOPDYOG a297.5 aDep 297.5 Riz K aRIZEM AIZID, 1987- aKisah-Kisah Teladan Menakjubkan Dalam Hidup Nabi Muhammad SAW /cRizem Aizid; editor Zahra aCet. 1 aYogyakartabSafirahc2012 a270 hlm.c20 cm aKehidupan Beragama Islam aZahra aYOPDYOG aCB-12.11 2012-588